00683nam a2200217 a 4500008004100000020002200041100002300063245009200086250001200178260003900190300003400229440004200263504004100305500002000346650002700366700002000393700002500413003000100438005001700439040000900456  a0412374803 (pbk.)1 aEmmanuel, Clive R.10aAccounting for management control /cClive Emmanuel, David Otley, and Kenneth Merchant. a2nd ed. aLondon :bChapman and Hall,c1990. axvi, 518 p. :bill. ;c24 cm. 0aVNR series in accounting and finance. aIncludes bibliographical references. aIncludes index. 0aManagerial accounting.1 aOtley, David T.1 aMerchant, Kenneth A.20230123133448.0 cNUST